00485nam a22001697a 4500003000500000005001700005008004100022038001500063082000800078100001700086245007700103260003600180300003100216500001500247650002800262700002500290NUST20230126150558.0190703b ||||| |||| 00| 0 eng d aMr. Zahoor a510 aIdrees, Amna aMethods for Solutions of Fractional Differential Equations cAmna Idrees aIslamabad :bSNS - NUST,c2017. avii, 72 p. : ill. ;c30cm. aHardcover. aMathematics - Ms Thesis aDr. Mujeeb ur Rehman